[Event "1. OEsterreichische Internet Schach Meisterschaft - Vorrunde 3"]
[Site "Online - Playchess.com"]
[Date ""]
[Round "4"]
[Board "85"]
[White "Lager, Johannes"]
[Black "Wimmer, Michael"]
[Result "0-1"]
[WhiteElo "1611"]
[BlackElo "1559"]
[PlyCount "186"]
[EventDate "2020.04.17"]
[EventRounds "9"]
[EventCountry "AUT"]

1. e4 e5 2. Nf3 Nc6 3. Bc4 Bc5 4. O-O Nf6 5. d4 Bxd4 6. Nxd4 Nxd4 7. f4 d6 8. fxe5
dxe5 9. Bg5 h6 10. Bh4 g5 11. Bg3 Qe7 12. c3 Nc6 13. Qf3 Nh7 14. Bxf7+ Kd8 15. Rd1+
Bd7 16. Bh5 Rf8 17. Qe3 Kc8 18. Na3 b6 19. Nc4 Nf6 20. Be2 Kb7 21. a4 a5 22. h4 g4
23. h5 Nxh5 24. Bh2 Rad8 25. Qxh6 Rh8 26. Qe3 Qg7 27. Kf1 Rdf8+ 28. Ke1 g3 29. Bg1
Nf4 30. Bf3 Rh1 31. Nxb6 Rxg1+ 32. Qxg1 cxb6 33. Rd2 Be6 34. Rad1 Re8 35. Rd6 Re7
36. Qe3 Rd7 37. Qd2 Rxd6 38. Qxd6 Qf7 39. b4 Bb3 40. Rd2 Be6 41. b5 Nb8 42. Qxe5
Bc4 43. Qd4 Be6 44. e5+ Ka7 45. Qe4 Bd5 46. Rxd5 Nxd5 47. Qxd5 Qxd5 48. Bxd5 Nd7
49. e6 Nf6 50. e7 Kb8 51. Ke2 Kc7 52. Bb3 Kd7 53. Kf3 Kxe7 54. Kxg3 Kd6 55. Kf3 Ke5
56. g3 Nh5 57. Bf7 Nf6 58. c4 Nd7 59. g4 Kf6 60. Bd5 Nc5 61. Kf4 Nxa4 62. g5+ Kg6
63. Be4+ Kg7 64. g6 Nc5 65. Bc2 a4 66. Ke5 a3 67. Bb1 Nb3 68. Kd6 Nd2 69. Ba2 Kxg6
70. Kc6 Ne4 71. Kxb6 Kf7 72. c5+ Ke8 73. Kb7 Kd8 74. c6 Nd6+ 75. Kb6 Kc8 76. Be6+
Kd8 77. c7+ Ke7 78. c8=Q Nxc8+ 79. Ka5 Kxe6 80. b6 Nxb6 81. Kxb6 a2 82. Kb5 a1=Q
83. Kc4 Qd1 84. Kc5 Qd5+ 85. Kb4 Qc6 86. Kb3 Qc1 87. Kb4 Kd5 88. Kb3 Kd4 89. Ka2
Qc8 90. Kb3 Qc3+ 91. Ka2 Qb4 92. Ka1 Kc3 93. Ka2 Qb2#  0-1

[Event "1. OEsterreichische Internet Schach Meisterschaft - Vorrunde 3"]
[Site "Online - Playchess.com"]
[Date ""]
[Round "4"]
[Board "86"]
[White "Kaltenbeck, Dieter"]
[Black "Horvath, Maria"]
[Result "0-1"]
[WhiteElo "1314"]
[BlackElo "1995"]
[PlyCount "52"]
[EventDate "2020.04.17"]
[EventRounds "9"]
[EventCountry "AUT"]

1. a3 d5 2. Nf3 c5 3. e3 Nc6 4. c4 d4 5. exd4 cxd4 6. d3 e5 7. g3 Bd6 8. Bg2 Nf6
9. O-O a5 10. Qc2 O-O 11. c5 Bc7 12. Re1 Bg4 13. Bg5 h6 14. Bxf6 Qxf6 15. Nbd2 Rfe8
16. h3 Bh5 17. g4 Bg6 18. Rab1 Rad8 19. Qb3 Rb8 20. Rec1 Qf4 21. Nc4 e4 22. dxe4
Bxe4 23. Rd1 d3 24. Nfd2 Qh2+ 25. Kf1 Qxg2+ 26. Ke1 Bf3+  0-1

[Event "1. OEsterreichische Internet Schach Meisterschaft - Vorrunde 3"]
[Site "Online - Playchess.com"]
[Date ""]
[Round "4"]
[Board "87"]
[White "Janes, Christian"]
[Black "Hatzl, Johannes"]
[Result "0-1"]
[WhiteElo "1726"]
[BlackElo "2131"]
[PlyCount "128"]
[EventDate "2020.04.17"]
[EventRounds "9"]
[EventCountry "AUT"]

1. e4 e5 2. Nf3 Nc6 3. c3 d5 4. exd5 Qxd5 5. d4 exd4 6. cxd4 Bg4 7. Be2 O-O-O 8.
O-O Nf6 9. Nc3 Qd7 10. Bg5 Bxf3 11. Bxf3 Nxd4 12. Rc1 Nxf3+ 13. Qxf3 Be7 14. Rfd1
Qe6 15. Rxd8+ Rxd8 16. Nb5 c6 17. Nc3 h6 18. Bh4 Kb8 19. h3 Nd5 20. Bg3+ Ka8 21.
Nxd5 Rxd5 22. b3 a6 23. Qc3 Bf6 24. Qc4 Qd7 25. a4 Rd4 26. Qc5 Be7 27. Qh5 Ba3 28.
Re1 Rd5 29. Qf3 f6 30. Re4 Rd3 31. Qe2 Rxb3 32. Re8+ Ka7 33. Bb8+ Kb6 34. Re4 Rb1+
35. Kh2 Bd6+ 36. Bxd6 Qxd6+ 37. g3 Rb4 38. Qe3+ Ka5 39. Rxb4 Qxb4 40. Qf3 Kxa4 41.
h4 Qc4 42. Qd1+ Ka5 43. Qd7 b5 44. Qxg7 Qd4 45. Kg2 Qe4+ 46. Kg1 Qe1+ 47. Kg2 Qe4+
48. Kg1 Qf3 49. Qxh6 b4 50. Qd2 c5 51. Qd8+ Kb5 52. Qb8+ Kc4 53. Qg8+ Kc3 54. Qa2
b3 55. Qxa6 Qd1+ 56. Kg2 Qd5+ 57. Kg1 b2 58. Qa3+ Kc2 59. Qa4+ Qb3 60. Qe4+ Kc1 61.
Qf4+ Kb1 62. Qe4+ Qc2 63. Qb7 Kc1 64. Qg7 Qd1+  0-1

[Event "1. OEsterreichische Internet Schach Meisterschaft - Vorrunde 3"]
[Site "Online - Playchess.com"]
[Date ""]
[Round "4"]
[Board "88"]
[White "Schwabeneder, Alois"]
[Black "Kessler, Manuel"]
[Result "0-1"]
[WhiteElo "2004"]
[BlackElo "1731"]
[PlyCount "48"]
[EventDate "2020.04.17"]
[EventRounds "9"]
[EventCountry "AUT"]

1. e4 c5 2. Nf3 e6 3. g3 Nc6 4. Bg2 Nf6 5. d3 d5 6. Qe2 Be7 7. O-O O-O 8. c3 Re8
9. a4 e5 10. Na3 d4 11. Nc4 Bg4 12. h3 Bxf3 13. Bxf3 Qd7 14. Bg2 Rad8 15. Rd1 Qc7
16. f4 exf4 17. Bxf4 Qc8 18. g4 Bf8 19. a5 Nd7 20. Qf2 Nde5 21. Qg3 Nxc4 22. dxc4
Qe6 23. cxd4 Nxd4 24. b3 Ne2+  0-1

[Event "1. OEsterreichische Internet Schach Meisterschaft - Vorrunde 3"]
[Site "Online - Playchess.com"]
[Date ""]
[Round "4"]
[Board "89"]
[White "Grafenberger, Dieter"]
[Black "Friedl, Markus"]
[Result "1-0"]
[WhiteElo "1953"]
[BlackElo "1824"]
[PlyCount "79"]
[EventDate "2020.04.17"]
[EventRounds "9"]
[EventCountry "AUT"]

1. e4 e5 2. Nf3 d6 3. d3 Be7 4. c3 Nc6 5. Be2 Nf6 6. Qc2 Bg4 7. Nbd2 O-O 8. O-O a6
9. Re1 Nd7 10. Nf1 f5 11. exf5 Bxf5 12. Ng3 Bg6 13. Qb3+ Kh8 14. Qxb7 Na5 15. Qb4
Nc6 16. Qb3 Rb8 17. Qa4 Rb6 18. Be3 Nc5 19. Bxc5 dxc5 20. Rad1 Bd6 21. Ne4 Bxe4 22.
dxe4 Ne7 23. Nxe5 Ng6 24. Nxg6+ hxg6 25. e5 Qg5 26. exd6 cxd6 27. Qd7 Rxb2 28. Qh3+
Qh6 29. Qxh6+ gxh6 30. Bf3 Rxa2 31. Rxd6 Kg7 32. h3 Ra3 33. Ree6 g5 34. Rg6+ Kf7
35. Rdf6+ Ke7 36. Re6+ Kd8 37. Rxh6 Rxc3 38. Rh7 a5 39. Ra6 Kc8 40. Ra8#  1-0

[Event "1. OEsterreichische Internet Schach Meisterschaft - Vorrunde 3"]
[Site "Online - Playchess.com"]
[Date ""]
[Round "4"]
[Board "90"]
[White "Wurzer, Gerhard"]
[Black "Kellner, Nikolaus"]
[Result "1-0"]
[WhiteElo "1889"]
[BlackElo "1685"]
[PlyCount "65"]
[EventDate "2020.04.17"]
[EventRounds "9"]
[EventCountry "AUT"]

1. c3 Nf6 2. Qc2 e5 3. d3 d5 4. e4 Nc6 5. Nf3 Bd6 6. Nbd2 Be6 7. Be2 Qd7 8. Nf1 O-O-O
9. Ng3 Kb8 10. O-O h5 11. Re1 h4 12. Nf1 h3 13. g3 Bg4 14. a4 Nh5 15. b4 f6 16. Ne3
Bxf3 17. Bxf3 g6 18. Nxd5 f5 19. b5 Ne7 20. Nxe7 Qxe7 21. c4 fxe4 22. Bxe4 Rdf8 23.
Be3 g5 24. c5 Qf6 25. cxd6 cxd6 26. Qc4 Rc8 27. Qd5 Rc7 28. Rac1 Rhc8 29. Rxc7 Rxc7
30. Rc1 Rxc1+ 31. Bxc1 Qe7 32. Bxg5 Qc7 33. Qg8+  1-0

[Event "1. OEsterreichische Internet Schach Meisterschaft - Vorrunde 3"]
[Site "Online - Playchess.com"]
[Date ""]
[Round "4"]
[Board "91"]
[White "Heinemann, Stephan"]
[Black "Moerzinger, Christian Jun."]
[Result "0-1"]
[WhiteElo "1664"]
[BlackElo "1638"]
[PlyCount "50"]
[EventDate "2020.04.17"]
[EventRounds "9"]
[EventCountry "AUT"]

1. e4 e5 2. Nf3 Nc6 3. d4 exd4 4. c3 dxc3 5. Nxc3 Bb4 6. Bc4 Bxc3+ 7. bxc3 Nge7 8.
O-O O-O 9. e5 Na5 10. Bd3 Nd5 11. Qc2 g6 12. Bh6 Re8 13. h4 d6 14. exd6 Qxd6 15.
h5 Bg4 16. hxg6 hxg6 17. Ng5 Nf4 18. Be4 Ne2+ 19. Kh1 Qf6 20. Rae1 Qh8 21. Rxe2 Qxh6+
22. Nh3 Bxe2 23. Qxe2 Nc6 24. g3 Rad8 25. Kg2 Qg7  0-1

[Event "1. OEsterreichische Internet Schach Meisterschaft - Vorrunde 3"]
[Site "Online - Playchess.com"]
[Date ""]
[Round "4"]
[Board "92"]
[White "Tolstykh, Makarius"]
[Black "Kwech, Gregor"]
[Result "0-1"]
[WhiteElo "1061"]
[BlackElo "1064"]
[PlyCount "76"]
[EventDate "2020.04.17"]
[EventRounds "9"]
[EventCountry "AUT"]

1. c4 c5 2. Nc3 Nc6 3. g3 g6 4. Bg2 Bg7 5. e3 e6 6. Nge2 Nge7 7. O-O O-O 8. d4 cxd4
9. exd4 d5 10. cxd5 exd5 11. Nf4 Bd7 12. Be3 Re8 13. Rc1 a6 14. Ncxd5 Nxd5 15. Nxd5
Be6 16. Nf4 Nxd4 17. Bxd4 Qxd4 18. Qxd4 Bxd4 19. Nxe6 Rxe6 20. Bxb7 Rb8 21. Bxa6
Rxa6 22. b3 Rxa2 23. Rfd1 Bf6 24. Rb1 Rb2 25. Rxb2 Bxb2 26. Rd3 Kg7 27. Kf1 Kf6 28.
Ke2 h5 29. Kd2 Ke5 30. Kc2 Bd4 31. f4+ Ke4 32. Rd2 Rc8+ 33. Kd1 Rc3 34. Rb2 Rd3+
35. Rd2 Rxb3 36. Kc2 Rc3+ 37. Kd1 Be3 38. Re2 Rc1#  0-1

[Event "1. OEsterreichische Internet Schach Meisterschaft - Vorrunde 3"]
[Site "Online - Playchess.com"]
[Date ""]
[Round "4"]
[Board "93"]
[White "Kosc, Renata"]
[Black "Soelkner, Julian"]
[Result "0-1"]
[WhiteElo "1988"]
[BlackElo "1484"]
[PlyCount "52"]
[EventDate "2020.04.17"]
[EventRounds "9"]
[EventCountry "AUT"]

1. e4 e6 2. d4 d5 3. Nc3 c6 4. a3 Be7 5. Nf3 Nf6 6. e5 Nfd7 7. Be3 b6 8. Be2 c5 9.
O-O cxd4 10. Bxd4 Nc6 11. Bb5 Bb7 12. Re1 O-O 13. Qe2 Rc8 14. Bxc6 Rxc6 15. Rac1
Qc8 16. Qd2 Ba6 17. Ne2 Nc5 18. Ng3 Qd7 19. b3 Rfc8 20. a4 Nb7 21. c3 Na5 22. Qb2
b5 23. axb5 Bxb5 24. Ne2 Qb7 25. Nf4 Bc4 26. Qc2 Nxb3  0-1

[Event "1. OEsterreichische Internet Schach Meisterschaft - Vorrunde 3"]
[Site "Online - Playchess.com"]
[Date ""]
[Round "4"]
[Board "94"]
[White "Neubauer, Anton"]
[Black "Ticar, Clemens"]
[Result "1-0"]
[WhiteElo "1879"]
[BlackElo "1753"]
[PlyCount "73"]
[EventDate "2020.04.17"]
[EventRounds "9"]
[EventCountry "AUT"]

1. d4 d6 2. Bf4 Nf6 3. c4 g6 4. e3 Bg7 5. Nf3 O-O 6. Bd3 Re8 7. O-O Nbd7 8. h3 c5
9. Nc3 b6 10. Re1 Bb7 11. d5 a6 12. e4 Qc7 13. Qd2 e5 14. Bh6 Rab8 15. Bxg7 Kxg7
16. Qg5 h6 17. Qh4 g5 18. Nxg5 h5 19. Nxf7 Kxf7 20. Qg5 Rg8 21. Qf5 Rbf8 22. Be2
Ke8 23. Qe6+ Kd8 24. a4 Kc8 25. a5 Kb8 26. axb6 Nxb6 27. b4 Bc8 28. Nb5 Qg7 29. Qxd6+
Ka8 30. Nc7+ Ka7 31. Bf3 Bxh3 32. Ra5 Bxg2 33. Rxa6+ Kb7 34. Qc6+ Kc8 35. Ne6+ Kb8
36. Nxg7 Rxg7 37. Rxb6+  1-0

[Event "1. OEsterreichische Internet Schach Meisterschaft - Vorrunde 3"]
[Site "Online - Playchess.com"]
[Date ""]
[Round "4"]
[Board "96"]
[White "Ussar, Reinhard"]
[Black "Gall, Bernhard"]
[Result "1-0"]
[WhiteElo "1676"]
[BlackElo "1244"]
[PlyCount "47"]
[EventDate "2020.04.17"]
[EventRounds "9"]
[EventCountry "AUT"]

1. e4 e5 2. Nf3 Nc6 3. d4 exd4 4. Nxd4 Nxd4 5. Qxd4 d6 6. Nc3 Nf6 7. Bg5 Be7 8. O-O-O
O-O 9. h4 Bg4 10. f3 Be6 11. g4 c5 12. Qd3 Nd7 13. Kb1 Bxg5 14. hxg5 Qxg5 15. Rh5
Qe7 16. Be2 Ne5 17. Qxd6 Qxd6 18. Rxd6 Ng6 19. Rxc5 Nf4 20. Bc4 Bxc4 21. Rxc4 Rfd8
22. Rxd8+ Rxd8 23. b3 g6 24. Rc7  1-0

[Event "1. OEsterreichische Internet Schach Meisterschaft - Vorrunde 3"]
[Site "Online - Playchess.com"]
[Date ""]
[Round "4"]
[Board "97"]
[White "Studener, Simon"]
[Black "Staudacher, Karl-Heinz"]
[Result "0-1"]
[WhiteElo "1678"]
[BlackElo "1734"]
[PlyCount "56"]
[EventDate "2020.04.17"]
[EventRounds "9"]
[EventCountry "AUT"]

1. e4 c5 2. Nf3 e6 3. Nc3 Nc6 4. d4 cxd4 5. Nxd4 Qc7 6. Nxc6 bxc6 7. g3 d5 8. Bg2
Nf6 9. O-O Ba6 10. Re1 Bc5 11. Bg5 h6 12. Bxf6 gxf6 13. exd5 cxd5 14. Qd2 O-O-O 15.
Na4 Bd6 16. Nc3 h5 17. Bh3 h4 18. Bg4 hxg3 19. hxg3 Bxg3 20. fxg3 Qxg3+ 21. Qg2 Qf4
22. Qf3 Qd4+ 23. Re3 Rdg8 24. Kf2 f5 25. Bh5 Qh4+ 26. Qg3 Qxh5 27. Qd6 Qh2+ 28. Ke1
Rg1#  0-1

[Event "1. OEsterreichische Internet Schach Meisterschaft - Vorrunde 3"]
[Site "Online - Playchess.com"]
[Date ""]
[Round "4"]
[Board "98"]
[White "Moerwald, Miriam"]
[Black "Pedevilla, Luis"]
[Result "0-1"]
[WhiteElo "1760"]
[BlackElo "1650"]
[PlyCount "76"]
[EventDate "2020.04.17"]
[EventRounds "9"]
[EventCountry "AUT"]

1. e4 c5 2. Nf3 Nc6 3. d4 cxd4 4. Nxd4 g6 5. c4 Bg7 6. Be3 e6 7. Nc3 Nge7 8. Be2
O-O 9. O-O a6 10. Qd2 d5 11. cxd5 exd5 12. Rad1 dxe4 13. Nxe4 Nxd4 14. Bxd4 Bxd4
15. Qxd4 Qxd4 16. Rxd4 Bf5 17. Nf6+ Kg7 18. Rd6 Rfd8 19. Rfd1 Rxd6 20. Rxd6 Rc8 21.
g4 Bb1 22. a3 Rc2 23. Ne8+ Kf8 24. Rd8 Rxe2 25. Nf6+ Kg7 26. Ne8+ Kh6 27. g5+ Kxg5
28. h4+ Kxh4 29. Rd4+ Kg5 30. Nd6 f5 31. Nf7+ Kh5 32. Rb4 Be4 33. Rb3 g5 34. Rh3+
Kg6 35. Ne5+ Kg7 36. Rg3 h6 37. Nd7 Re1+ 38. Kh2 Rh1#  0-1

[Event "1. OEsterreichische Internet Schach Meisterschaft - Vorrunde 3"]
[Site "Online - Playchess.com"]
[Date ""]
[Round "4"]
[Board "99"]
[White "Haemmerle, Dietmar"]
[Black "Thummer, Philipp"]
[Result "1-0"]
[WhiteElo "1762"]
[BlackElo "1207"]
[PlyCount "63"]
[EventDate "2020.04.17"]
[EventRounds "9"]
[EventCountry "AUT"]

1. e4 d6 2. Nf3 Bg4 3. Bc4 e6 4. h3 Bxf3 5. Qxf3 c6 6. Nc3 Nd7 7. O-O Ne5 8. Qe2
Nxc4 9. Qxc4 b5 10. Qxc6+ Ke7 11. Nxb5 e5 12. d3 Nf6 13. Bg5 h6 14. Bxf6+ gxf6 15.
Rad1 Rc8 16. Qb7+ Qd7 17. Qxd7+ Kxd7 18. Nxa7 Rxc2 19. b4 Rxa2 20. Nb5 Be7 21. Rc1
Rc8 22. Rxc8 Kxc8 23. Rc1+ Kd7 24. Nc7 Ra3 25. Nd5 Rxd3 26. b5 Rb3 27. Rc7+ Kd8 28.
Rxe7 Rxb5 29. Rxf7 Rb4 30. Rxf6 Rxe4 31. Rxd6+ Ke8 32. Nf6+  1-0

[Event "1. OEsterreichische Internet Schach Meisterschaft - Vorrunde 3"]
[Site "Online - Playchess.com"]
[Date ""]
[Round "4"]
[Board "100"]
[White "Mittelbach, Eduard"]
[Black "Egger, Stefanie"]
[Result "0-1"]
[WhiteElo "1667"]
[BlackElo "1442"]
[PlyCount "32"]
[EventDate "2020.04.17"]
[EventRounds "9"]
[EventCountry "AUT"]

1. e4 e5 2. Nc3 Nc6 3. Bc4 Bc5 4. d3 h6 5. Nf3 Nf6 6. O-O d6 7. Be3 Bb6 8. a3 Bg4
9. h3 Bh5 10. g4 Nxg4 11. hxg4 Bxg4 12. Bxf7+ Kxf7 13. Ng5+ hxg5 14. Qxg4 Nd4 15.
Nd5 Rh4 16. Qg2 Ne2#  0-1

[Event "1. OEsterreichische Internet Schach Meisterschaft - Vorrunde 3"]
[Site "Online - Playchess.com"]
[Date ""]
[Round "4"]
[Board "101"]
[White "Gaspar, Zdravko"]
[Black "Kipman, Felix"]
[Result "0-1"]
[WhiteElo "1618"]
[BlackElo "1576"]
[PlyCount "42"]
[EventDate "2020.04.17"]
[EventRounds "9"]
[EventCountry "AUT"]

1. d4 d5 2. Nf3 Bg4 3. Ne5 Bf5 4. c4 e6 5. e3 Nf6 6. Nc3 Nbd7 7. Qb3 b6 8. cxd5 Nxe5
9. dxe5 Nxd5 10. Nxd5 Qxd5 11. f4 Bc5 12. Bc4 Qxg2 13. Rf1 Qxh2 14. Rf2 Qg1+ 15.
Rf1 Qg3+ 16. Rf2 O-O-O 17. Qc3 Be4 18. Bd2 h5 19. Qb3 h4 20. Bxe6+ fxe6 21. Qxe6+
Kb8  0-1

[Event "1. OEsterreichische Internet Schach Meisterschaft - Vorrunde 3"]
[Site "Online - Playchess.com"]
[Date ""]
[Round "4"]
[Board "102"]
[White "Korndon, Hannes"]
[Black "Hofer, Martin"]
[Result "0-1"]
[WhiteElo "914"]
[BlackElo "1603"]
[PlyCount "96"]
[EventDate "2020.04.17"]
[EventRounds "9"]
[EventCountry "AUT"]

1. e4 d5 2. exd5 Nf6 3. Nc3 Nxd5 4. Nxd5 Qxd5 5. Nf3 Bg4 6. h3 Bh5 7. Be2 Nc6 8.
O-O O-O-O 9. d3 e5 10. Ng5 Bxe2 11. Qxe2 f6 12. Nf3 Bc5 13. a3 Nd4 14. Nxd4 Bxd4
15. c3 Bb6 16. Be3 Qb3 17. Rab1 Kb8 18. Rfe1 Rd7 19. Red1 Rhd8 20. Bxb6 Qxb6 21.
d4 exd4 22. cxd4 Rxd4 23. Rxd4 Qxd4 24. Rc1 Qd2 25. Re1 b6 26. Qxd2 Rxd2 27. Re8+
Kb7 28. Re7 Rxb2 29. Rxg7 Rb3 30. Rxh7 Rxa3 31. Rf7 Ra1+ 32. Kh2 a5 33. Rxf6 a4 34.
Rf3 a3 35. Kg3 a2 36. Ra3 c5 37. Kf3 b5 38. h4 b4 39. Ra4 b3 40. h5 b2 41. h6 b1=Q
42. Rc4 Qf5+ 43. Ke2 Re1+ 44. Kxe1 a1=Q+ 45. Kd2 Qb2+ 46. Kd1 Qd5+ 47. Ke1 Qxc4 48.
Kd1 Qcc1#  0-1

[Event "1. OEsterreichische Internet Schach Meisterschaft - Vorrunde 3"]
[Site "Online - Playchess.com"]
[Date ""]
[Round "5"]
[Board "1"]
[White "Ragger, Markus"]
[Black "Freitag, Manfred"]
[Result "1/2-1/2"]
[WhiteElo "2679"]
[BlackElo "2356"]
[PlyCount "130"]
[EventDate "2020.04.17"]
[EventRounds "9"]
[EventCountry "AUT"]

1. e4 e5 2. Nf3 Nc6 3. d4 exd4 4. Nxd4 Bc5 5. Nb3 Bb6 6. Nc3 Nf6 7. Qe2 O-O 8. Bg5
h6 9. Bh4 a5 10. a4 Re8 11. O-O-O d6 12. f3 Nb4 13. Kb1 c6 14. Qd2 d5 15. exd5 Bf5
16. Na1 Nbxd5 17. Nxd5 Qxd5 18. Bd3 Bxd3 19. Qxd3 Qxd3 20. Rxd3 Nd5 21. Nb3 Re2 22.
Rd2 Rae8 23. Rhd1 g5 24. Bg3 f5 25. Bd6 R8e6 26. Bc5 Rxd2 27. Rxd2 Re1+ 28. Ka2 Bxc5
29. Nxc5 b6 30. Nd7 Re7 31. Nb8 Nb4+ 32. Kb3 Re8 33. Nd7 Re3+ 34. c3 Nd5 35. Nb8
Ne7 36. Rd6 Re2 37. Nxc6 Nxc6 38. Rxc6 Rxg2 39. Rxh6 Kg7 40. Rxb6 Rf2 41. Kc4 Rxf3
42. b4 axb4 43. cxb4 Ra3 44. a5 f4 45. Rd6 Ra2 46. h3 Ra3 47. Rd3 Ra1 48. Kb5 Kf6
49. a6 Ke5 50. Kb6 Ke4 51. Rd8 Kf3 52. a7 Kg3 53. a8=Q Rxa8 54. Rxa8 Kxh3 55. b5
g4 56. Kc7 g3 57. b6 f3 58. b7 f2 59. Rf8 g2 60. b8=Q g1=Q 61. Qb3+ Qg3+ 62. Qxg3+
Kxg3 63. Kd6 Kg2 64. Ke5 f1=Q 65. Rxf1 Kxf1  1/2-1/2

[Event "1. OEsterreichische Internet Schach Meisterschaft - Vorrunde 3"]
[Site "Online - Playchess.com"]
[Date ""]
[Round "5"]
[Board "2"]
[White "Froewis, Georg"]
[Black "Gelbenegger, Patrick"]
[Result "1-0"]
[WhiteElo "2457"]
[BlackElo "2240"]
[PlyCount "45"]
[EventDate "2020.04.17"]
[EventRounds "9"]
[EventCountry "AUT"]

1. Nf3 Nf6 2. c4 c5 3. b3 Nc6 4. Bb2 e6 5. e3 Be7 6. Nc3 O-O 7. Be2 b6 8. O-O Bb7
9. d4 d5 10. cxd5 Nxd5 11. dxc5 Nxc3 12. Bxc3 Bxc5 13. Qc2 Qe7 14. Rad1 Rfd8 15.
Qb2 f6 16. Bc4 Kh8 17. Qe2 e5 18. Nh4 Rxd1 19. Ng6+ hxg6 20. Qg4 Rxf1+ 21. Kxf1 f5
22. Qh3+ Qh4 23. Qxh4#  1-0

[Event "1. OEsterreichische Internet Schach Meisterschaft - Vorrunde 3"]
[Site "Online - Playchess.com"]
[Date ""]
[Round "5"]
[Board "3"]
[White "Schweda, Roland"]
[Black "Wohlfahrt, Herbert"]
[Result "1-0"]
[WhiteElo "2449"]
[BlackElo "2285"]
[PlyCount "177"]
[EventDate "2020.04.17"]
[EventRounds "9"]
[EventCountry "AUT"]

1. d4 Nf6 2. c4 e6 3. Nc3 Bb4 4. e3 b6 5. Nge2 Bb7 6. a3 Be7 7. d5 d6 8. g3 e5 9.
Bg2 O-O 10. O-O c6 11. dxc6 Nxc6 12. Nd5 Nxd5 13. Bxd5 Na5 14. b4 Bxd5 15. Qxd5 Nb3
16. Rb1 Nxc1 17. Rbxc1 Qd7 18. Nc3 Rac8 19. Rfd1 Qe6 20. Qxe6 fxe6 21. Nb5 a5 22.
Nxd6 Rc6 23. Nb5 axb4 24. Rd7 Rf7 25. axb4 Bxb4 26. Rxf7 Kxf7 27. Kf1 Kf6 28. Ke2
e4 29. Nd4 Rc8 30. Rc2 Bc5 31. Nb3 Bb4 32. h3 Ke5 33. Nd4 Bc5 34. Nb5 Bb4 35. Kd1
Ba5 36. Kc1 Be1 37. Kd1 Ba5 38. Nd4 Bb4 39. Ke2 Bc5 40. Rd2 Bb4 41. f4+ exf3+ 42.
Nxf3+ Kf6 43. Rd4 g5 44. Kd3 Bc5 45. Rd7 Ra8 46. Ke4 Ra3 47. Rd3 Ra4 48. Ne5 h6 49.
Rd7 Be7 50. Rb7 Ra3 51. Ng4+ Kf7 52. Nxh6+ Ke8 53. Ng4 Ra4 54. Ne5 Bc5 55. Rg7 Ra3
56. Ng4 Ra4 57. Ke5 Rxc4 58. Kxe6 Re4+ 59. Kf5 Re7 60. Rg8+ Kd7 61. Rxg5 b5 62. Kf4
Bd6+ 63. Kf3 b4 64. Rb5 Kc6 65. Ra5 b3 66. Ra1 b2 67. Rb1 Ba3 68. Nf2 Rd7 69. Ke2
Kb5 70. Nd3 Rg7 71. g4 Rh7 72. Nxb2 Rxh3 73. Nd3+ Kc6 74. Rg1 Be7 75. g5 Rh8 76.
g6 Kd5 77. Kf3 Ke6 78. Nf4+ Kf5 79. e4+ Ke5 80. g7 Rg8 81. Rg6 Bf6 82. Nh5 Be7 83.
Kg4 Kxe4 84. Re6+ Kd5 85. Rxe7 Kd6 86. Ra7 Ke6 87. Kg5 Rb8 88. Kg6 Kd5 89. Nf6+  1-0

[Event "1. OEsterreichische Internet Schach Meisterschaft - Vorrunde 3"]
[Site "Online - Playchess.com"]
[Date ""]
[Round "5"]
[Board "4"]
[White "Belke, Frank"]
[Black "Peyrer, Konstantin"]
[Result "1-0"]
[WhiteElo "2273"]
[BlackElo "2286"]
[PlyCount "127"]
[EventDate "2020.04.17"]
[EventRounds "9"]
[EventCountry "AUT"]

1. d4 Nf6 2. c4 e6 3. Nc3 c5 4. Nf3 b6 5. e4 cxd4 6. Nxd4 d6 7. Be2 Bb7 8. f3 Be7
9. O-O O-O 10. Be3 Nbd7 11. Rc1 a6 12. b3 Qc7 13. Qd2 Rac8 14. Rfd1 Rfd8 15. Bf1
Qb8 16. Qf2 Kh8 17. Rc2 Rg8 18. Rdc1 Bd8 19. b4 Bc7 20. g3 g5 21. Bg2 Rg6 22. Nb3
Rcg8 23. g4 h5 24. h3 Ba8 25. Kf1 hxg4 26. hxg4 Qf8 27. Ke2 Rh6 28. Rg1 Ne5 29. Nd2
d5 30. cxd5 exd5 31. Nxd5 Nxd5 32. exd5 Bd6 33. a3 Qe8 34. Bf1 Qa4 35. Rc3 Bxd5 36.
Bd4 f6 37. Re3 Nc4 38. Nxc4 Bxc4+ 39. Ke1 a5 40. Bxc4 Rc8 41. Qe2 axb4 42. Kf2 bxa3
43. Rc3 b5 44. Qe6 Rf8 45. Qxd6 Qa8 46. Bd5 Qe8 47. Qe6 Rh2+ 48. Rg2 Rxg2+ 49. Kxg2
Qxe6 50. Bxe6 b4 51. Rb3 Re8 52. Bxf6+ Kh7 53. Bf5+ Kh6 54. Rxb4 a2 55. Ra4 Re2+
56. Kg3 Re1 57. Ra8 Rg1+ 58. Kf2 Rf1+ 59. Ke3 Re1+ 60. Kd3 Rd1+ 61. Kc2 Rc1+ 62.
Kb2 Rc2+ 63. Kxc2 a1=Q 64. Rh8#  1-0

[Event "1. OEsterreichische Internet Schach Meisterschaft - Vorrunde 3"]
[Site "Online - Playchess.com"]
[Date ""]
[Round "5"]
[Board "5"]
[White "Rieger, Robert"]
[Black "Blohberger, Felix"]
[Result "1-0"]
[WhiteElo "2307"]
[BlackElo "2448"]
[PlyCount "87"]
[EventDate "2020.04.17"]
[EventRounds "9"]
[EventCountry "AUT"]

1. e4 c5 2. Nf3 d6 3. d4 cxd4 4. Nxd4 Nf6 5. Nc3 a6 6. Nb3 Nc6 7. f4 e6 8. g4 Nd7
9. Be3 b5 10. a3 Bb7 11. Qd2 Rc8 12. g5 h6 13. g6 fxg6 14. O-O-O Na5 15. Nxa5 Qxa5
16. Qg2 Rxc3 17. Qxg6+ Kd8 18. bxc3 Nf6 19. Bd3 Qxc3 20. Qf7 d5 21. Bb6+ Kc8 22.
Qxe6+ Kb8 23. Qe5+ Qxe5 24. fxe5 Bxa3+ 25. Kb1 Nd7 26. Be3 dxe4 27. Bxb5 Nxe5 28.
Bf4 axb5 29. Bxe5+ Kc8 30. Bxg7 Rh7 31. Bd4 Re7 32. Be3 Kc7 33. Rhg1 h5 34. Rg6 Bc6
35. Rf1 Bb4 36. Rff6 Bb7 37. Bb6+ Kd7 38. Be3 Kc7 39. Kb2 Bd5 40. Bb6+ Kb7 41. Be3
Kc7 42. c3 Ba5 43. Ra6 Bb7 44. Rxa5  1-0

[Event "1. OEsterreichische Internet Schach Meisterschaft - Vorrunde 3"]
[Site "Online - Playchess.com"]
[Date ""]
[Round "5"]
[Board "6"]
[White "Morgunov, Marc"]
[Black "Alvir, Aco"]
[Result "1-0"]
[WhiteElo "2341"]
[BlackElo "2338"]
[PlyCount "113"]
[EventDate "2020.04.17"]
[EventRounds "9"]
[EventCountry "AUT"]

1. e4 c5 2. Nf3 d6 3. Bb5+ Bd7 4. Bxd7+ Qxd7 5. c4 Nf6 6. Nc3 e6 7. d4 cxd4 8. Nxd4
Be7 9. Be3 O-O 10. f3 Rc8 11. Qe2 Qc7 12. b3 a6 13. Rc1 Nbd7 14. O-O Rab8 15. Rfd1
Qa5 16. Qd2 Qc7 17. h3 Nf8 18. f4 b6 19. Qf2 Qb7 20. Qf3 Ng6 21. g3 Bf8 22. Kf2 d5
23. cxd5 Bb4 24. Nde2 Ba3 25. Rc2 exd5 26. exd5 b5 27. Rcd2 Bd6 28. Ne4 Nxe4+ 29.
Qxe4 Re8 30. Qf3 Qd7 31. Kg2 Ne7 32. Nd4 Nf5 33. Nxf5 Qxf5 34. g4 Qd7 35. Bf2 Re7
36. Bh4 f6 37. Bf2 Rbe8 38. Bg3 Re3 39. Qf1 Qe7 40. Bf2 Qe4+ 41. Kg1 Rf3 42. Re1
Qg6 43. Rxe8+ Qxe8 44. Qe2 Qxe2 45. Rxe2 Bxf4 46. Re6 Rd3 47. Rxa6 Rxd5 48. a4 bxa4
49. bxa4 Rd1+ 50. Kg2 Rd2 51. Kf3 Be5 52. a5 Ra2 53. Ra8+ Kf7 54. a6 Kg6 55. a7 h6
56. Rd8 Ra3+ 57. Kg2  1-0